Kajian penindasan terhadap masyarakat Inida di Malaysia dalam cerpen-cerpen karya S. Vadiveloo berdasarkan teori Subaltern /
Saved in:
| Main Author: | |
|---|---|
| Format: | Thesis Book |
| Language: | Malay |
| Published: |
2018.
|
| Subjects: | |
| Online Access: | http://studentsrepo.um.edu.my/9077/ |
| Tags: |
Add Tag
No Tags, Be the first to tag this record!
|
| LEADER | 01580cam a2200373 i 4500 | ||
|---|---|---|---|
| 001 | u1094321 | ||
| 003 | SIRSI | ||
| 005 | 201809061107 | ||
| 008 | 180907s2018 my a m 000 0 may | ||
| 040 | |a UMM |d AUM |e rda | ||
| 043 | |a a-my--- | ||
| 090 | |a DS404 |b UMP 2018 Man | ||
| 100 | 0 | |a Maniyarasan Muniandy, |e author. | |
| 245 | 1 | 0 | |a Kajian penindasan terhadap masyarakat Inida di Malaysia dalam cerpen-cerpen karya S. Vadiveloo berdasarkan teori Subaltern / |c Maniyarasan a/l Muniandy. |
| 264 | 1 | |c 2018. | |
| 300 | |a xxvi, 326 leaves : |b illustrations ; |c 30 cm. | ||
| 336 | |a text |2 rdacontent | ||
| 337 | |a unmediated |2 rdamedia | ||
| 337 | |a computer |2 rdamedia | ||
| 338 | |a volume |2 rdacarrier | ||
| 338 | |a computer disc |2 rdacarrier | ||
| 502 | |b Ph.D. |c Jabatan Pengajian India, Fakulti Sastera dan Sains Sosial, Universiti Malaya |d 2018. | ||
| 504 | |a Bibliography: leaves 311-316. | ||
| 530 | |a Also issued in CD. | ||
| 600 | 0 | 0 | |a S. Vadiveloo, |d 1929- |
| 650 | 0 | |a Short stories |x History and criticism. | |
| 650 | 0 | |a Tamil literature |x History and criticism. | |
| 650 | 0 | |a Indians |z Malaysia |x Social conditions. | |
| 710 | 2 | |a Universiti Malaya. |b Jabatan Pengajian India, |e degree granting institution. | |
| 856 | 4 | 1 | |u http://studentsrepo.um.edu.my/9077/ |
| 596 | |a 1 25 | ||
| 900 | |a NSM | ||
| 999 | |a DS404 UMP 2018 MAN |w LC |c 1 |i A517220375 |d 18/5/2019 |e 18/5/2019 |f 24/9/2018 |g 1 |l STACKS |m P01UTAMA |n 1 |r Y |s Y |t TESIS |u 24/9/2018 |1 AHSS | ||
| 999 | |a DS404 UMP 2018 MAN |w LC |c 1 |i A517144427 |d 11/10/2018 |f 11/10/2018 |g 1 |l STACKS |m P25UMARCHI |r N |s Y |t CD |u 11/10/2018 |1 AHSS |o .STAFF. MST-CD3081 | ||
